লোডিং...

Economic philosophy of Pt. Jawaharlal Nehru /

গ্রন্থ-পঞ্জীর বিবরন
প্রধান লেখক: Misra, O. P.
বিন্যাস: Printed Book
ভাষা:English
প্রকাশিত: Allahabad: Chugh Publications, 1978.
বিষয়গুলি:
LEADER 00529 a2200133 4500
008 100208b ||||| |||| 00| 0 eng d
082 |a 330.1 
100 |a Misra, O. P. 
245 |a Economic philosophy of Pt. Jawaharlal Nehru / 
260 |b Chugh Publications,  |a Allahabad:  |c 1978. 
650 |a Nehru, Jawaharlal, 1889-1964 
942 |c BK 
999 |c 312018  |d 312018 
952 |0 0  |1 0  |2 ddc  |4 0  |6 330_100000000000000_MIS_E  |7 0  |9 358114  |a ECN  |b ECN  |c ST1  |d 2010-09-07  |e Minerva Bookstall, Trichur  |g 0.00  |i 2529  |l 0  |o 330.1 MIS/E  |p ECN2529  |r 2010-09-07  |w 2010-09-07  |y BK